000 00854nam a22002297a 4500
005 2010080405295.0
010 _aENG-98134
020 _a9788171325849
_c650.00
035 _aEN-81667
037 _bDBAD/PUB
082 _a338.954
100 _aKhandela, Manchand
_96823
245 _aIndian economy and challenges of globalisation /
_cby Manchand Khandela
260 _aJaipur
_bPointer Publishers
_c2009
270 _a807, Vyas Building, Chaura Rasta
_bJaipur
_e302003
300 _avi, 200p.
_c22cm (Hb)
500 _aincludes bibliographical references
650 _aEconomic Development
_91374
650 _aGlobalisation- Economic Aspect
_96824
942 _2ddc
_cEN
_h338.954
_mKHA
999 _c39252
_d39252